Kazakhstan, Mongolia or Russia - Statistics

General Stats
  • This quiz has been taken 635 times
    269 since last reset
  • The average score is 9 of 14
Answer Stats
Question Answer % Correct
The flag doesn't contain the colour red. Kazakhstan
97%
Is the smallest Mongolia
94%
The country's executive is housed in the so-called "Kremlin" Russia
91%
Isn't landlocked Russia
91%
Has the lowest population density Mongolia
87%
Has more horses than humans Mongolia
87%
Has the longest border with China Mongolia
79%
Is partly in Europe Kazakhstan and Russia
64%
Doesn't use Cyrillic script for their language. They all use Cyrillic script
63%
Has never won a medal in the Winter Olympics Mongolia
59%
Has a life expectancy disparity between men and women of approximately eleven years.* Russia
41%
Its capital only includes the vowels "a" and "u" Kazakhstan and Mongolia
31%
Has the highest mountain Kazakhstan
26%
The capital was named for a ruler. Mongolia
24%
No matching quizzes found
Score Distribution
Percent of People with Each Score
Percentile by Number Answered
Your Score History
You have not taken this quiz since the last reset